Technotrade Ltd v Larkstore Ltd (Record no. 77573)
[ view plain ]
| 000 -LEADER | |
|---|---|
| fixed length control field | 02054cab a2200205 4500 |
| 001 - CONTROL NUMBER | |
| control field | ##L134578 |
| 008 - FIXED-LENGTH DATA ELEMENTS--GENERAL INFORMATION | |
| fixed length control field | 060817n2006 000 0 eng u |
| 035 ## - SYSTEM CONTROL NUMBER | |
| System control number | (Sirsi) u134578 |
| 041 0# - LANGUAGE CODE | |
| Language code of text/sound track or separate title | eng |
| 245 00 - TITLE STATEMENT | |
| Title | Technotrade Ltd v Larkstore Ltd |
| 260 ## - PUBLICATION, DISTRIBUTION, ETC. | |
| Date of publication, distribution, etc. | 2006 |
| 520 ## - SUMMARY, ETC. | |
| Summary, etc. | [2006] EWCA Civ 1079, 27 July 2006. Appeal by T, a surveying company, against a decision that its report on the physical condition of land which had been prepared for S, and then assigned to L, could be relied on by L in a breach of contract claim against T. The report by T had recommended that a sloping site was suitable for residential development. After S sold the site to L, a landslip occurred on the land that damaged adjoining properties, whose owners then sued L. S then assigned to L its rights and benefits under the report and the right to sue T. A preliminary issue arose as to whether L was able to recover the loss it had suffered by relying on the deed of assignment. The judge found that L would be entitled to recover substantial damages from T, even though S had not suffered damage when it was entitled to the benefit of the contract, and the landslip had occurred before the assignment. T appealed. "Held": L had the right to sue T for breach of contract. S had assigned to L a cause of action for breach of contract against T and the legal remedies for it. The assignment did not prejudice T by exposing it to a claim for damages by L that S could not have brought. If S had not sold the land to L, it would not have assigned the cause of action, and it could have recovered substantial damages against T for the landslip. Appeal dismissed. |
| 590 ## - LOCAL NOTE (RLIN) | |
| Local note | IKA220806 |
| 650 24 - SUBJECT ADDED ENTRY--TOPICAL TERM | |
| Topical term or geographic name entry element | TECHNOTRADE LTD V LARKSTORE LTD |
| 650 24 - SUBJECT ADDED ENTRY--TOPICAL TERM | |
| Topical term or geographic name entry element | LINDEN GARDENS TRUST LTD V LENESTA SLUDGE DISPOSALS LTD |
| 651 #4 - SUBJECT ADDED ENTRY--GEOGRAPHIC NAME | |
| Geographic name | England and Wales |
| Chronological subdivision | 1543- |
| 690 ## - LOCAL SUBJECT ADDED ENTRY--TOPICAL TERM (OCLC, RLIN) | |
| Topical term or geographic name as entry element | PROPERTY-PROPERTY ACQUISITION AND DISPOSAL-ASSIGNMENT |
| 856 40 - ELECTRONIC LOCATION AND ACCESS | |
| Uniform Resource Identifier | <a href="https://www.bailii.org/cgi-bin/markup.cgi?doc=/ew/cases/EWCA/Civ/2006/1079.html">https://www.bailii.org/cgi-bin/markup.cgi?doc=/ew/cases/EWCA/Civ/2006/1079.html</a> |
| Public note | View the item free of charge at www.bailii.org/... |
| 942 ## - ADDED ENTRY ELEMENTS (KOHA) | |
| Suppress in OPAC | 0 |
| Withdrawn status | Lost status | Source of classification or shelving scheme | Damaged status | Not for loan | Home library | Current library | Shelving location | Date acquired | Total Checkouts | Full call number | Barcode | Date last seen | Copy number | Price effective from | Koha item type |
|---|---|---|---|---|---|---|---|---|---|---|---|---|---|---|---|
| Dewey Decimal Classification | Virtual | Virtual | Online | 17/08/2006 | ONLINE PUBLICATION | 134578-1001 | 06/08/2019 | 1 | 06/08/2019 | Law report |